La vida social del coloniaje: esquema de la historia del alto Perú, hoy Bolivia

I tiakina i:
Ngā taipitopito rārangi puna kōrero
Kaituhi matua: Otero, Gustavo Adolfo (autor)
Hōputu: Pukapuka
Reo:Pāniora
Ingarihi
I whakaputaina: Nueva York Lewis Bertrand 1955
Ngā marau:
Ngā Tūtohu: Tāpirihia he Tūtohu
Kāore He Tūtohu, Me noho koe te mea tuatahi ki te tūtohu i tēnei pūkete!

MARC

LEADER 00000nam a2200000 a 4500
001 UCO2872
003 CL-VaPUC
008 000608e19550000US |||||||||||||||||spa|d
041 0 7 |a spa  |2 CL-VaPUC 
041 0 7 |a eng  |2 CL-VaPUC 
082 0 4 |a 984.03  |b OTE  |2 21 
100 |a Otero, Gustavo Adolfo  |e autor  |9 446570 
245 1 3 |a La vida social del coloniaje: esquema de la historia del alto Perú, hoy Bolivia 
246 1 0 |a Life in the spanish colonies: with particular reference to upper Peru, now Bolivia 
300 |a 125 p 
942 |c BK 
945 |d 20000608 00:00:00  |a rherrera 
260 |a Nueva York  |b Lewis Bertrand  |c 1955 
650 7 |a HISTORIA DE BOLIVIA  |2 CL-VaPUC  |9 446571 
650 7 |a COLONIA  |2 CL-VaPUC  |9 446572 
650 0 |a América colonial  |9 446254 
650 7 |a SIGLOS 16-18  |2 CL-VaPUC  |9 315275 
650 0 |a Vida social  |9 337244 
651 0 |a Bolivia  |9 255454 
583 |a last modification  |c 20000608 00:00:00  |k Rodrigo Vera 
999 |c 289364  |d 289362 
952 |0 0  |1 0  |4 0  |6 984_030000000000000_OTE_1955  |7 0  |8 A  |9 337699  |a BIBHIS  |b BIBHIS  |d 2019-11-20  |i 1288490  |o 984.03 OTE 1955  |p 1288490  |r 2025-01-20  |w 2019-11-20  |y BK  |k HIS